000 00810cab a2200241 4500
001 ABS47912
008 090401t1993 xxu||||| |||| 00| 0 eng d
035 _a(Sirsi) u64021
041 _aeng
100 _aMynors, C.
245 4 _aThe extent of listing
260 _c1993
350 _a0
490 _aJournal of Planning and Environment Law
_v(1993) JPEL 99-111 (13)
520 _aEstablishes what is included in the listing of a building: `any object or structure fixed to the building` and `any object or structure within the curtilage of the building`. Also defines `curtilage`. Refers to case law throughout.
650 _aCURTILAGE
650 _aDEFINITION
650 _aLISTED BUILDINGS
650 _aLISTING
690 _aPLANNING LAW AND PRACTICE
942 _n0
948 _c04/03/1997
999 _c39845
_d39845